The centre of the world : Communism and the mind of China

Na minha lista:
Detalhes bibliográficos
Autor principal: Elegant, Robert S.
Formato: Livro
Idioma:Undetermined
Publicado em: London Methuen 1963
Assuntos:
Tags: Adicionar Tag
Sem tags, seja o primeiro a adicionar uma tag!
Thư viện lưu trữ: Trung tâm Học liệu Trường Đại học Cần Thơ
LEADER 00531nam a2200205Ia 4500
001 CTU_90369
008 210402s9999 xx 000 0 und d
082 |a 951.05 
082 |b E38 
100 |a Elegant, Robert S. 
245 4 |a The centre of the world : 
245 0 |b Communism and the mind of China 
245 0 |c Robert S. Elegant 
260 |a London 
260 |b Methuen 
260 |c 1963 
650 |a History 
650 |z China 
904 |i Bằng,Hải 
980 |a Trung tâm Học liệu Trường Đại học Cần Thơ